000 01332nam a2200373 a 4500
001 000116083
003 CHAP
005 20220329144600.0
008 190905s2014 mx |r| ||||||spa d
010 _a112544
011 _a113516
020 _a978-607-02-4875-7 (UNAM)
020 _a978-607-477-951-6 (UAM)
020 _a9786074773248 (Colección)
040 _cCHAP
082 0 4 _a333.720972
_bP71
245 0 3 _aLa planeación ambiental en México :
_bexperiencias desde las instituciones de educación superior /
_ccoordinado por María Teresa Bravo Mercado y Octavio Francisco González Castillo.
260 _aMéxico, D.F. :
_bUAM.
_bUNAM,
_c2014.
300 _a210 p.
490 0 _aAbate Faria
590 _aE11695DGD
_b10
_c20190906
_lUCH01
_h1058
590 _aE5765TAJ
_b05
_c20190905
_lUCH01
_h1431
590 _aE5765TAJ
_b05
_c20190905
_lUCH01
_h1435
650 1 4 _aDesarrollo sustentable
_xMéxico.
_932090
650 1 4 _aEducación ambiental
_xPrograma de actividades.
_9133827
650 1 4 _aPolítica ambiental
_xMéxico.
_990426
650 1 4 _aUniversidades
_xAspectos ambientales.
_9136790
700 0 _aBravo Mercado, María Teresa
_ecoord.
_915143
700 1 _aGonzález Castillo, Octavio Francisco
_ecoord.
_9136788
830 0 _aAbate Faria
_v15
_9136789
901 _aBK
942 _cLIBRO
942 _n0
999 _c112544
_d112544